Ice nine kills songs by first line - Statistics

General Stats
  • This quiz has been taken 66 times
  • The average score is 10 of 15
Answer Stats
Hint Answer % Correct
Rest your head, here's a lullaby. The American Nightmare
88%
The art of dying brings me to life A Work of Art
86%
He drowned in all our sins Thank God it's Friday
81%
I won't deny, the way time flies. F.L.Y
79%
Twas the night before Christmas, at just 5 years old. Merry Axe-mas
79%
No one's above the saw! The jig is up
79%
In calculated silence, captivated by the violence I replay Stabbing in the dark
77%
Eins, Zwei, Drei, Die! Wurst Vacation
77%
It's underneath our skin, no medicine can stop the bleeding. A Rash decision
67%
I'm tearing London limb from limb Love bites
65%
I felt the fatal touch of a forbidden lover. Farewell to flesh
53%
We all know a place, that appears so sublime Rocking the boat
51%
Slave to the plot, (let em rot!) Funeral derangements
49%
A makeshift smile, a polished look Tess-timony
30%
Here, were just stuck in the spotlight Star-crossed enemies
26%
No matching quizzes found
Score Distribution
Percent of People with Each Score
Percentile by Number Answered
Your Score History
You have not taken this quiz